Statistics for Best Selling Beers in the U.S.

Click here to take the quiz!

General Stats

  • This quiz has been taken 62,593 times
    (12,452 since last reset)
  • The average score is 9 of 25

Answer Stats

BarrelsBrand% Correct
10.6 milBudweiser
94%
27.2 milBud Light
77%
3.7 milHeineken
74%
1.5 milCoors
73%
8.1 milCorona Extra
67%
3.0 milMiller High Life
61%
14.0 milCoors Light
55%
12.4 milMiller Lite
51%
1.2 milGuinness
39%
2.0 milPabst Blue Ribbon
36%
2.7 milStella Artois
34%
3.9 milBusch
32%
10.2 milMichelob Ultra
30%
6.7 milNatural Light
25%
9.4 milModelo Especial
23%
2.0 milBlue Moon
22%
1.9 milDos Equis
21%
6.3 milBusch Light
20%
2.0 milYuengling Lager
17%
3.3 milKeystone Light
15%
2.4 milBud Ice
12%
2.2 milNatural Ice
12%
1.1 milMilwaukee's Best Ice
7%
1.3 milIcehouse
4%
1.6 milSteel Reserve
3%

Score Distribution

Percentile by Number Answered

Percent of People with Each Score

Your Score History

You have not taken this quiz since the last reset